| 000 | 00924cad a22002295a 4500 | ||
|---|---|---|---|
| 001 | E154640 | ||
| 008 | 120109e20111222xxka f s000 0 eng d | ||
| 035 | _a(Sirsi) u154640 | ||
| 041 | 0 | _aeng | |
| 100 | 1 | _aHarvie-Clark, Sarah | |
| 245 | 0 | 4 |
_aLand Registration etc. (Scotland) Bill _h[electronic resource] |
| 260 |
_aEdinburgh _bScottish Parliament _c2011 |
||
| 490 | 0 |
_aSPICe Briefing _v(11/88) 22 December 2011 |
|
| 520 | _aSets out the main points of the Land Registration etc. (Scotland) Bill and describes reactions to it. | ||
| 521 | _aAdvanced | ||
| 590 | _aKA | ||
| 651 | 4 |
_aScotland _y1999- |
|
| 690 | _aPROPERTY-PROPERTY ACQUISITION AND DISPOSAL-REGISTRATION OF TITLE TO PROPERTY-LAND REGISTRATION | ||
| 700 | 1 | _aWakefield, Simon | |
| 856 | 4 | 0 |
_uhttps://www.scottish.parliament.uk/ResearchBriefingsAndFactsheets/S4/SB_11-88.pdf _zView the briefing free of charge at www.scottish.parliament.uk |
| 942 | _n0 | ||
| 999 |
_c113081 _d113081 |
||